Statistics for Every Formula 1 Driver Ever

Click here to take the quiz!

General Stats

  • This quiz has been taken 1,182 times
    (225 since last reset)
  • The average score is 126 of 688

Answer Stats

CountryDriver% Correct
SpainFernando Alonso
93%
MonacoCharles Leclerc
89%
GermanyMichael Schumacher
88%
United StatesPhil Hill
84%
United KingdomGraham Hill
82%
GermanyMick Schumacher
81%
GermanyRalf Schumacher
81%
MexicoSergio Perez
81%
NetherlandsMax Verstappen
80%
BrazilAyrton Senna
80%
FinlandKimi Raikkonen
79%
CanadaNicholas Latifi
79%
United KingdomLewis Hamilton
78%
NetherlandsJos Verstappen
78%
GermanySebastian Vettel
78%
BrazilBruno Senna
78%
United KingdomJimmy Stewart
77%
United KingdomDuncan Hamilton
77%
DenmarkKevin Magnussen
76%
PolandRobert Kubica
76%
AustriaNiki Lauda
76%
FinlandMika Hakkinen
76%
DenmarkJan Magnussen
75%
United KingdomDamon Hill
74%
AustraliaDaniel Ricciardo
74%
ThailandAlexander Albon
74%
SpainCarlos Sainz Jr.
74%
FranceAlain Prost
74%
GermanyNico Rosberg
73%
CanadaJacques Villeneuve
73%
United KingdomGeorge Russell
73%
CanadaLance Stroll
73%
FranceEsteban Ocon
72%
FrancePierre Gasly
71%
FinlandKeke Rosberg
71%
United KingdomLando Norris
71%
ArgentinaJuan Manuel Fangio
70%
RussiaNikita Mazepin
70%
United KingdomJenson Button
70%
FinlandValtteri Bottas
70%
GermanyJochen Mass
69%
United StatesMario Andretti
69%
CanadaGilles Villeneuve
69%
BrazilNelson Piquet
69%
ChinaZhou Guanyu
69%
JapanYuki Tsunoda
69%
BrazilNelson Piquet Jr.
69%
RussiaDaniil Kvyat
68%
ItalyAlberto Ascari
67%
United KingdomJim Clark
66%
United KingdomIan Stewart
66%
BrazilPietro Fittipaldi
64%
ItalyMario Andretti
64%
ColombiaJuan Pablo Montoya
64%
United KingdomJames Hunt
63%
United KingdomNigel Mansell
63%
BrazilWilson Fittipaldi Jr.
63%
BrazilEmerson Fittipaldi
63%
BrazilChristian Fittipaldi
63%
United KingdomJackie Stewart
63%
VenezuelaPastor Maldonado
62%
AustraliaMark Webber
62%
ItalyAntonio Giovinazzi
62%
ItalyGiuseppe Farina
61%
AustraliaDavid Brabham
61%
United StatesMichael Andretti
60%
AustraliaJack Brabham
59%
GermanyNico Hulkenberg
58%
FranceRomain Grosjean
58%
AustriaJochen Rindt
58%
BrazilRubens Barrichello
58%
BrazilFelipe Massa
57%
CanadaAllen Berg
57%
South AfricaJody Scheckter
57%
South AfricaIan Scheckter
56%
GermanyJosef Peters
56%
RussiaVitaly Petrov
52%
JapanKamui Kobayashi
52%
AustraliaAlan Jones
51%
GermanyAdrian Sutil
51%
United KingdomJohn Campbell-Jones
50%
FinlandHeikki Kovalainen
49%
United KingdomStirling Moss
49%
GermanyHeinz-Harald Frentzen
48%
New ZealandDenny Hulme
47%
SwedenMarcus Ericsson
46%
ItalyRiccardo Patrese
45%
FranceJules Bianchi
45%
United KingdomEddie Irvine
44%
United KingdomJohn Surtees
44%
JapanTakuma Sato
44%
ItalyJarno Trulli
44%
New ZealandBruce McLaren
43%
United KingdomMike Hawthorn
43%
United KingdomDavid Coulthard
43%
ItalyMichele Alboreto
43%
RussiaSergey Sirotkin
43%
BelgiumGeorges Berger
42%
AustriaGerhard Berger
42%
BelgiumLucien Bianchi
42%
ItalyGiancarlo Fisichella
42%
GermanyTimo Glock
41%
BelgiumJacky Ickx
41%
JapanKazuki Nakajima
40%
SwedenRonnie Peterson
39%
FinlandMika Salo
38%
GermanyNick Heidfeld
38%
BelgiumStoffel Vandoorne
38%
United KingdomMartin Brundle
38%
JapanSatoru Nakajima
38%
SwitzerlandSebastien Buemi
37%
United KingdomJack Aitken
37%
IndiaKarun Chandhok
36%
MexicoEsteban Gutierrez
36%
MexicoPedro Rodriguez
36%
MexicoRicardo Rodriguez
36%
SpainPedro de la Rosa
36%
United KingdomBrian Hart
36%
ArgentinaCarlos Reutemann
36%
HungaryZsolt Baumgartner
35%
SwitzerlandClay Regazzoni
35%
BelgiumThierry Boutsen
34%
JapanAguri Suzuki
34%
FranceJean Alesi
33%
United StatesScott Speed
33%
United KingdomPaul di Resta
32%
FranceRene Arnoux
32%
BrazilFelipe Nasr
31%
FranceJean-Eric Vergne
31%
MonacoRobert Doornbos
31%
ItalyEmanuele Pirro
31%
New ZealandBrendon Hartley
31%
SwedenTorsten Palm
30%
FranceOlivier Panis
30%
GermanyWolfgang von Trips
30%
FranceSebastien Bourdais
30%
ItalyVitantonio Liuzzi
29%
United KingdomDerek Warwick
29%
United KingdomJolyon Palmer
29%
United KingdomJonathan Palmer
29%
SpainJaime Alguersuari
29%
IndiaNarain Karthikeyan
29%
United KingdomJohnny Herbert
28%
AustriaRoland Ratzenberger
28%
ChileEliseo Salazar
28%
United KingdomJohn Watson
28%
FinlandJJ Lehto
28%
ItalyAlessandro Pesenti-Rossi
27%
FranceDidier Pironi
27%
ArgentinaJose Froilan Gonzalez
27%
NetherlandsGiedo van der Garde
27%
NetherlandsChristijan Albers
27%
UruguayOscar Gonzalez
27%
FranceCharles Pic
27%
IndonesiaRio Haryanto
27%
United KingdomDerek Bell
27%
JapanYuji Ide
27%
United KingdomLeslie Johnson
26%
JapanToshio Suzuki
25%
AustriaAlexander Wurz
25%
United StatesAlexander Rossi
25%
United KingdomJonathan Williams
25%
GermanyPascal Wehrlein
24%
United KingdomMax Chilton
24%
PortugalTiago Monteiro
24%
ItalyAndrea de Cesaris
24%
BrazilRoberto Moreno
23%
BrazilJose Carlos Pace
23%
GermanyMarkus Winkelhock
23%
SwedenStefan Johansson
23%
AustriaChristian Klien
23%
FranceJacques Laffite
23%
GermanyBernd Schneider
22%
FranceJo Schlesser
22%
United KingdomColin Davis
22%
MalaysiaAlex Yoong
22%
United KingdomAnthony Davidson
22%
ItalyLuca Badoer
22%
ItalyElio de Angelis
22%
ItalyLuigi Musso
22%
SpainMarc Gene
22%
FranceEugene Martin
22%
United KingdomTony Brooks
21%
ItalyIvan Capelli
21%
United KingdomRoger Williamson
21%
JapanSakon Yamamoto
21%
JapanUkyo Katayama
21%
SpainAntonio Creus
20%
FranceFrancois Cevert
20%
United KingdomMark Blundell
20%
United KingdomPeter Collins
20%
BrazilAntonio Pizzonia
20%
FrancePatrick Tambay
19%
ItalyRiccardo Paletti
19%
SwitzerlandMichael May
19%
FranceMax Jean
19%
FranceGuy Mairesse
19%
NetherlandsRobert Doornbos
19%
BrazilPedro Diniz
19%
FranceJean-Pierre Jabouille
19%
SwitzerlandJo Siffert
19%
ItalyPiero Taruffi
19%
United StatesJim Hall
19%
BelgiumJohnny Claes
19%
United StatesDan Gurney
19%
GermanyAndre Lotterer
19%
South AfricaJackie Pretorius
18%
FranceEric Bernard
18%
ItalyAlessandro Nannini
18%
GermanyGunther Bechem
18%
United KingdomMike Beuttler
18%
MonacoLouis Chiron
18%
South AfricaLuki Botha
18%
ItalyTeo Fabi
18%
SpainLuis Perez-Sala
18%
BrazilIngo Hoffmann
18%
United StatesEddie Cheever
17%
ItalyLorenzo Bandini
17%
Czech RepublicTomas Enge
17%
SwedenJo Bonnier
17%
SwedenConny Andersson
17%
BrazilRicardo Zonta
17%
SwitzerlandGregor Foitek
17%
GermanyRudolf Krause
17%
FranceEugene Chaboud
17%
United KingdomDavid Hobbs
17%
MonacoOlivier Beretta
16%
United KingdomRichard Robarts
16%
New ZealandChris Amon
16%
IrelandDerek Daly
16%
United KingdomInnes Ireland
16%
FranceJean Behra
16%
ItalyLuigi Fagioli
16%
United StatesLance Reventlow
16%
MexicoMoises Solana
16%
United KingdomMike Hailwood
16%
FrancePatrick Depailler
16%
BrazilRaul Boesel
15%
SwitzerlandMarc Surer
15%
ItalyRoberto Lippi
15%
United KingdomVic Wilson
15%
SwedenGunnar Nilsson
15%
FranceMaurice Trintignant
15%
DenmarkNicolas Kiesa
15%
United KingdomTom Pryce
15%
JapanKunimitsu Takahashi
15%
GermanyManfred Winkelhock
15%
ItalyVittorio Brambilla
15%
ItalyAlex Zanardi
14%
NetherlandsJan Lammers
14%
Belgium | FranceBertrand Gachot
14%
BrazilLucas di Grassi
14%
FranceJean-Pierre Beltoise
14%
United KingdomDavid Leslie
14%
ItalyBruno Giacomelli
14%
BrazilLuciano Burti
14%
SwitzerlandHeini Walter
14%
SpainRoberto Merhi
14%
South AfricaErnie Pieterse
14%
AustriaHelmut Marko
14%
PortugalPedro Lamy
14%
United KingdomJustin Wilson
14%
BrazilEnrique Bernoldi
13%
FranceElie Bayol
13%
ArgentinaRicardo Zunino
13%
United KingdomJoe Fry
13%
FranceGuy Ligier
13%
United KingdomWill Stevens
13%
BrazilCristiano da Matta
13%
FranceFrancois Picard
13%
FrancePhilippe Alliot
13%
AustraliaDave Walker
13%
ItalyAlex Caffi
13%
United StatesChuck Daigh
13%
JapanShinji Nakano
13%
RhodesiaJohn Love
13%
BelgiumJerome d'Ambrosio
13%
GermanyStefan Bellof
13%
United KingdomTrevor Taylor
13%
United KingdomAllan McNish
12%
ArgentinaGaston Mazzacane
12%
United KingdomAlan Brown
12%
BrazilLuiz Bueno
12%
United StatesRichie Ginther
12%
SpainAdrian Campos
12%
United KingdomGraham Whitehead
12%
ItalyNino Vaccarella
12%
United KingdomRobin Montgomerie-Charrington
12%
BrazilRicardo Rosset
12%
AustriaKarl Wendlinger
12%
JapanToranosuke Takagi
12%
BelgiumPatrick Neve
11%
AustriaPatrick Friesacher
11%
United KingdomJackie Lewis
11%
ItalyGianni Morbidelli
11%
ItalyGiacomo Russo
11%
GermanyAdolf Brudes
11%
BrazilTarso Marques
11%
SwitzerlandRudi Fischer
11%
GermanyHermann Lang
11%
AustraliaWarwick Brown
11%
United KingdomBob Anderson
11%
SpainAlfonso de Portago
11%
ItalyGiorgio Bassi
11%
CanadaPeter Broeker
11%
JapanHideki Noda
11%
United StatesWalt Hansgen
11%
United KingdomJohn Taylor
11%
United KingdomArchie Scott Brown
11%
ItalyPiero Drogo
11%
LiechtensteinRikky von Opel
10%
United KingdomHenry Taylor
10%
United KingdomBrian Shawe-Taylor
10%
United KingdomMike Taylor
10%
AustraliaVern Schuppan
10%
ItalyGiancarlo Baghetti
10%
RhodesiaSam Tingle
10%
United KingdomIan Ashley
10%
GermanyChristian Danner
10%
ItalyGiovanni Lavaggi
10%
BrazilChico Serra
10%
ArgentinaRoberto Bonomi
10%
SwedenReine Wisell
10%
ItalySergio Mantovani
10%
United StatesPeter Revson
10%
SwitzerlandJean-Denis Deletraz
10%
United KingdomBrian Henton
10%
IrelandRalph Firman
10%
United KingdomRodney Nuckey
9%
FranceFrancois Migault
9%
United KingdomPiers Courage
9%
FranceErik Comas
9%
GermanyKurt Ahrens Jr.
9%
ItalyEugenio Castellotti
9%
ItalyMaria Teresa de Filippis
9%
BelgiumPhilippe Adams
9%
ItalyStefano Modena
9%
ItalyGianmaria Bruni
9%
UruguayAlberto Uria
9%
United KingdomJohn James
9%
ItalyLella Lombardi
9%
FrancePatrick Gaillard
9%
ItalyPierluigi Martini
9%
GermanyFritz Riess
9%
GermanyHans Herrmann
8%
GermanyHans-Joachim Stuck
8%
GermanyHans Stuck
8%
BelgiumAndre Pilette
8%
FrancePaul Belmondo
8%
New ZealandTony Shelly
8%
FranceJean-Pierre Jarier
8%
ArgentinaCarlos Menditeguy
8%
JapanTaki Inoue
8%
GermanyKurt Adolff
8%
United KingdomPeter Gethin
8%
FranceJean-Louis Schlesser
8%
SwitzerlandOttorino Volonterio
8%
ItalyLuigi Villoresi
8%
ItalyNicola Larini
8%
ColombiaRoberto Guerrero
8%
ItalyAlfonso Thiele
8%
AustriaJo Gartner
8%
FranceHenri Pescarolo
7%
ArgentinaOnofre Marimon
7%
United StatesSkip Barber
7%
FranceRobert Manzon
7%
FranceAndre Simon
7%
United StatesRodger Ward
7%
FranceLouis Rosier
7%
FranceFrancois Hesnault
7%
FranceStephane Sarrazin
7%
AustraliaTony Gaze
7%
SwitzerlandToulo de Graffenried
7%
SwedenSlim Borgudd
7%
United KingdomJackie Oliver
7%
United KingdomDavid Purley
7%
BrazilGino Biancho
7%
FinlandLeo Kinnunen
7%
ThailandBirabongse Bhanudej
7%
SwedenBertil Roos
7%
BelgiumJacques Swaters
7%
ItalyCorrado Fabi
7%
United KingdomAl Pease
7%
United KingdomCliff Allison
7%
BrazilMauricio Gugelmin
7%
United KingdomTim Parnell
7%
United KingdomReg Parnell
7%
South AfricaDoug Serrurier
7%
United KingdomMike Parkes
7%
AustraliaLarry Perkins
7%
South AfricaPeter de Klerk
7%
United StatesPete Lovely
7%
South AfricaTony Maggs
6%
AustraliaTim Schenken
6%
ArgentinaPablo Birger
6%
SpainEmilio de Villota
6%
United KingdomMartin Donnelly
6%
United KingdomStuart Lewis-Evans
6%
United KingdomDennis Poore
6%
United KingdomTony Rolt
6%
United KingdomAlan Stacey
6%
United KingdomJack Fairman
6%
United KingdomGuy Edwards
6%
United KingdomJohnny Dumfries
6%
ArgentinaNorberto Fontana
6%
ArgentinaEsteban Tuero
6%
SwitzerlandToni Branca
6%
United KingdomJohnny Claes
6%
United KingdomChris Bristow
6%
United KingdomTony Brise
6%
United KingdomEric Thompson
6%
United KingdomDon Beauman
6%
United KingdomJohn Barber
6%
United KingdomPeter Walker
6%
AustraliaPaul England
6%
SwitzerlandAndrea Chiesa
6%
South AfricaNeville Lederle
6%
United StatesJay Chamberlain
6%
ItalyIgnazio Giunti
6%
FranceGerard Larrousse
6%
JapanMasahiro Hasemi
6%
FranceBernard Collomb
6%
ItalyGabriele Tarquini
6%
United StatesTroy Ruttman
6%
ItalyRoberto Bussinello
6%
VenezuelaJohnny Cecotto
6%
IrelandTommy Byrne
6%
FranceJean-Marc Gounon
6%
FranceOlivier Grouillard
6%
ItalyLudovico Scarfiotti
6%
United StatesGeorge Constantine
6%
United StatesHarry Schell
6%
ItalyMax Papis
6%
ItalyFelice Bonetto
6%
United StatesBobby Unser
6%
United StatesAlfonso Thiele
6%
United StatesDanny Sullivan
6%
ItalyNello Pagani
6%
GermanyTheo Fitzau
6%
FranceFranck Montagny
6%
BelgiumWilly Mairesse
6%
FranceCharles Pozzi
6%
United StatesBrett Lunger
6%
United StatesCarroll Shelby
6%
FranceRaymond Sommer
6%
GermanyEdgar Barth
6%
FranceJean-Christophe Boullion
6%
BelgiumTeddy Pilette
6%
AustriaHarald Ertl
6%
New ZealandHowden Ganley
6%
South AfricaTrevor Blokdyk
6%
PortugalMario de Araujo Cabral
6%
AustriaHans Binder
6%
New ZealandMike Thackwell
6%
New ZealandJohn Nicholson
6%
GermanyRolf Stommelen
6%
United StatesBobby Rahal
6%
CanadaJohn Cordts
6%
South AfricaMike Harris
6%
BelgiumEric van de Poele
6%
GermanyKarl Kling
6%
South AfricaDave Charlton
6%
NetherlandsHuub Rothengatter
6%
NetherlandsGijs van Lennep
6%
CanadaAl Pease
6%
NetherlandsCarel Godin de Beaufort
6%
United StatesHarry Blanchard
6%
NetherlandsMichael Bleekemolen
6%
CanadaEppie Wietzes
6%
MoroccoRobert La Caze
6%
MexicoHector Rebaque
6%
United StatesTimmy Mayer
6%
GermanyWolfgang Seidel
6%
FrancePhilippe Streiff
5%
United KingdomIvor Bueb
5%
GermanyGerhard Mitter
5%
South AfricaBruce Johnstone
5%
FranceAldo Gordini
5%
ArgentinaOscar Alfredo Galvez
5%
United KingdomBob Evans
5%
United KingdomMike Spence
5%
United KingdomRoy Salvadori
5%
FranceFranck Lagorce
5%
VenezuelaEttore Chimeri
5%
FranceYannick Dalmas
5%
FranceMarcel Balsa
5%
DenmarkTom Belso
5%
CanadaGeorge Eaton
5%
United KingdomLeslie Marr
5%
CanadaBill Brack
5%
BrazilChico Landi
5%
BrazilHermano da Silva Ramos
5%
United KingdomDavid Murray
5%
GermanyToni Ulmen
5%
IrelandJoe Kelly
5%
United StatesMike Fisher
5%
NetherlandsBoy Hayje
5%
SwitzerlandHeinz Schiller
5%
United KingdomTiff Needell
5%
ItalyUmberto Maglioli
5%
ItalyPiercarlo Ghinzani
5%
United KingdomGeorge Abecassis
5%
ItalyRenzo Zorzi
5%
AustraliaFrank Gardner
5%
United KingdomPeter Arundell
5%
AustriaHelmuth Koinigg
5%
JapanNoritake Takahara
5%
NetherlandsRoelof Wunderink
5%
United KingdomJulian Bailey
5%
ItalyMauro Baldi
5%
ItalyPaolo Barilla
5%
AustraliaPaul Hawkins
5%
South AfricaBasil van Rooyen
5%
South AfricaBrausch Niemann
5%
CanadaJohn Cannon
4%
UruguayEitel Cantoni
4%
South AfricaPaddy Driver
4%
ItalyGiorgio Pantano
4%
FrancePierre Levegh
4%
FranceMichel Leclere
4%
United StatesBob Drake
4%
United StatesMark Donohue
4%
United KingdomLance Macklin
4%
BrazilAlex Ribeiro
4%
ItalyDomenico Schiattarella
4%
ArgentinaRoberto Mieres
4%
CanadaPeter Ryan
4%
ItalyPiero Scotti
4%
ItalyDorino Serafini
4%
SpainAlex Soler-Roig
4%
FrancePhilippe Etancelin
4%
New ZealandGraham McRae
4%
JapanKazuyoshi Hoshino
4%
AustriaDieter Quester
4%
United KingdomLes Leston
4%
United KingdomDavid Hampshire
4%
ItalyMarco Apicella
4%
FranceJean Lucas
4%
ItalyPiero Carini
4%
South AfricaEddie Keizan
4%
United StatesRoger Penske
4%
BelgiumPaul Frere
4%
BelgiumOlivier Gendebien
4%
United KingdomRichard Attwood
4%
United KingdomBill Aston
4%
GermanyErnst Loof
4%
GermanyErnst Klodwig
4%
United KingdomDesmond Titterington
4%
GermanyHans Klenk
4%
United KingdomChris Craft
4%
ItalyGiulio Cabianca
4%
GermanyHubert Hahne
4%
ArgentinaMiguel Angel Guerra
4%
SwitzerlandJo Vonlanthen
4%
United KingdomPeter Whitehead
4%
ItalyAndrea de Adamich
4%
United StatesJohn Fitch
4%
FrancePierre-Henri Raphanel
4%
ItalyArturo Merzario
4%
BelgiumArthur Legat
4%
United KingdomPaul Emery
4%
ItalyBeppe Gabbiani
4%
GermanyErwin Bauer
4%
United StatesHap Sharp
3%
United StatesBob Said
3%
ArgentinaAlejandro de Tomaso
3%
United StatesBob Bondurant
3%
United StatesMasten Gregory
3%
United KingdomMike Wilds
3%
United StatesSam Posey
3%
United KingdomKen Wharton
3%
United KingdomArthur Owen
3%
ArgentinaJorge Daponte
3%
United StatesRobert O'Brien
3%
United StatesDanny Ongais
3%
United StatesRonnie Bucknum
3%
NetherlandsBen Pon
3%
United KingdomBrian Naylor
3%
ItalySiegfried Stohr
3%
United KingdomPhilip Fotheringham-Parker
3%
United KingdomRon Flockhart
3%
United KingdomIan Burgess
3%
United KingdomTom Bridger
3%
United KingdomKenny Acheson
3%
SwitzerlandSilvio Moser
3%
SwitzerlandLoris Kessel
3%
NetherlandsDries van der Lof
3%
ItalyCesare Perdisa
3%
United KingdomKeith Greene
3%
ItalyEmanuele Naspetti
3%
ItalyAndrea Montermini
3%
GermanyHans Heyer
3%
GermanyWilli Heeks
3%
BelgiumRoger Laurent
3%
FranceJohnny Servoz-Gavin
3%
FranceFrancois Mazet
3%
BelgiumAndre Milhoux
3%
FranceYves Giraud-Cabantous
3%
United KingdomDick Gibson
3%
South AfricaGuy Tunmer
3%
United KingdomChris Lawrence
3%
United KingdomCuth Harrison
3%
United KingdomGeoff Lees
3%
GermanyPaul Pietsch
2%
ArgentinaAdolfo Schwelm Cruz
2%
NetherlandsJan Flinterman
2%
United KingdomDavid Piper
2%
United StatesGeorge Follmer
2%
United StatesFred Gamble
2%
ItalyGino Munaron
2%
ArgentinaClemar Bucci
2%
ItalyFranco Comotti
2%
United StatesHerbert MacKay-Fraser
2%
ItalyMenato Boffa
2%
ItalyFabrizio Barbazza
2%
BelgiumChristian Goethals
2%
SpainPaco Godia
2%
GermanyOswald Karch
2%
United StatesLloyd Ruby
2%
GermanyTheo Helfrich
2%
United KingdomDamien Magee
2%
ArgentinaOscar Larrauri
2%
United StatesTony Settember
2%
FranceMike Sparken
2%
FranceRoger Loyer
2%
FranceHenri Louveau
2%
United StatesFred Wacker
2%
United KingdomJohn Miles
2%
FrancePascal Fabre
2%
ArgentinaJesus Iglesias
2%
United KingdomBruce Halford
2%
SwitzerlandFranco Forini
2%
SwitzerlandAlbert Scherrer
2%
ArgentinaAlberto Rodriguez Larreta
2%
ArgentinaNasif Estefano
2%
United KingdomGeoffrey Crossley
2%
United KingdomTony Crook
2%
United KingdomBrian Redman
2%
United KingdomEric Brandon
2%
United KingdomLeslie Thorne
2%
United KingdomGerry Ashmore
2%
United KingdomPeter Ashdown
2%
United KingdomAlan Rees
2%
SwitzerlandMax de Terra
2%
United KingdomPeter Westbury
2%
SwitzerlandRudolf Schoeller
2%
BrazilFritz d'Orey
2%
United KingdomChris Irwin
2%
SwitzerlandXavier Perrot
2%
United KingdomBill Whitehouse
2%
FranceJacques Pollet
1%
United KingdomDavid Prophet
1%
United KingdomIan Raby
1%
United StatesRobert Schroeder
1%
United KingdomShane Summers
1%
United KingdomRupert Keegan
1%
United KingdomTony Marsh
1%
United KingdomVic Elford
1%
United KingdomKenneth McAlpine
1%
United KingdomJohn Riseley-Prichard
1%
FranceAndre Guelfi
1%
FranceGeorges Grignard
1%
United KingdomDave Morgan
1%
United KingdomBob Gerard
1%
FranceJose Dolhem
1%
United KingdomJim Crawford
1%
United KingdomJohn Rhodes
1%
United KingdomMike MacDowel
1%
United KingdomHorace Gould
1%
United KingdomRobin Widdows
1%
ItalyLamberto Leoni
1%
ItalyGerino Gerini
1%
ItalyNanni Galli
1%
ItalyMassimo Natili
1%
United StatesGus Hutchison
1%
ItalyFranco Cortese
1%
ItalyClemente Biondetti
1%
ItalyGaetano Starrabba
1%
ItalyLuigi Piotti
1%
ItalyRenato Pirocchi
1%
ItalyFranco Rol
1%
BelgiumCharles de Tornaco
1%
ItalyConsalvo Sanesi
1%
GermanyHelmut Niedermayr
1%
SwitzerlandPeter Hirt
0%
ItalyGiorgio Scarlatti
0%
United KingdomKen Downing
0%

Score Distribution

Percentile by Number Answered

Percent of People with Each Score

Your Score History

You have not taken this quiz since the last reset